[Event "23rd EUR-ch"]
[Site "Vrnjacka Banja SRB"]
[Date "2023.03.07"]
[Round "5.122"]
[White "Toktomushev, Teimur"]
[Black "Celik, Hasan Huseyin"]
[Result "0-1"]
[WhiteElo "2255"]
[BlackElo "2420"]
[EventDate "2023.03.03"]
[PlyCount "120"]

1.d4 d6 2.e4 g6 3.c4 Bg7 4.Nc3 Nc6 5.Be3 e5 6.Nge2 exd4 7.Nxd4 Nge7 8.Qd2 
O-O 9.O-O-O f5 10.Nxc6 Nxc6 11.c5 Be6 12.cxd6 cxd6 13.Qxd6 Qf6 14.Bb5 Rfd8
15.Qf4 Bxa2 16.Qg5 Bb3 17.Qxf6 Bxf6 18.Rxd8+ Rxd8 19.Bxc6 bxc6 20.exf5 
gxf5 21.Re1 a5 22.Bf4 a4 23.Be5 Be7 24.Re3 Bb4 25.Bf6 Rd7 26.Rg3+ Kf8 27.
Bg5 Kf7 28.Bh6 Kf6 29.Bg5+ Ke6 30.Kb1 c5 31.Re3+ Kf7 32.Rf3 Kg6 33.Bf4 c4 
34.Rg3+ Kf7 35.Rh3 Kf6 36.Rh6+ Kg7 37.Rh3 Be7 38.Be5+ Kg6 39.Rg3+ Kf7 40.
Rh3 Rd2 41.Rf3 a3 42.bxa3 Bxa3 43.Bf4 Rb2+ 44.Ka1 Rc2 45.Nb5 Bc5 46.Be3 
Bxe3 47.fxe3 Rxg2 48.Nd6+ Kg6 49.Nxf5 Ra2+ 50.Kb1 c3 51.Nd4 c2+ 52.Nxc2 
Rxc2 53.Rg3+ Kf6 54.e4 Ba4 55.e5+ Kxe5 56.Rg5+ Kf6 57.Rg4 Bd7 58.Rf4+ Kg5 
59.Rf7 Rc7 60.h4+ Kg6 0-1

[Event "23rd EUR-ch"]
[Site "Vrnjacka Banja SRB"]
[Date "2023.03.07"]
[Round "5.123"]
[White "Akbas, Umut Ata"]
[Black "Goroskov, Maksim"]
[Result "1-0"]
[WhiteElo "2419"]
[BlackElo "2265"]
[EventDate "2023.03.03"]
[PlyCount "95"]

1.c4 b6 2.Nc3 Bb7 3.d4 Nf6 4.f3 g6 5.e4 d6 6.Be3 Bg7 7.Qd2 O-O 8.O-O-O Re8
9.g4 c5 10.d5 e6 11.Bh6 Bh8 12.h4 exd5 13.exd5 a6 14.h5 b5 15.Bg5 Nbd7 16.
hxg6 fxg6 17.Qh2 Nf8 18.Qh4 Qe7 19.Ne4 N8d7 20.Ne2 Rf8 21.Nf4 Ne5 22.Be2 
Rf7 23.Rh3 Bc8 24.Rdh1 Ra7 25.Qh6 Bg7 26.Qxg7+ Rxg7 27.Nxf6+ Kh8 28.Nxh7 
Rxh7 29.Bxe7 Rxe7 30.cxb5 axb5 31.Bxb5 Rxh3 32.Rxh3+ Kg7 33.Nd3 Bb7 34.
Nxe5 Rxe5 35.Bc4 g5 36.Rh5 Bxd5 37.f4 gxf4 38.Bxd5 Re1+ 39.Kd2 Rb1 40.Kc2 
Rg1 41.a4 Rxg4 42.a5 f3 43.Bxf3 Ra4 44.Rd5 Rxa5 45.Rxd6 Kf7 46.Rc6 Ke7 47.
Be2 Kd7 48.Ra6 1-0

[Event "23rd EUR-ch"]
[Site "Vrnjacka Banja SRB"]
[Date "2023.03.07"]
[Round "5.124"]
[White "Kalezic, Blazo"]
[Black "Parligras, Cosmin"]
[Result "1/2-1/2"]
[WhiteElo "2415"]
[BlackElo "2260"]
[EventDate "2023.03.03"]
[PlyCount "39"]

1.e4 e5 2.Nf3 Nc6 3.Bb5 a6 4.Ba4 Nf6 5.O-O Be7 6.Re1 b5 7.Bb3 O-O 8.a4 Rb8
9.axb5 axb5 10.c3 d5 11.exd5 Nxd5 12.Nxe5 Nxe5 13.Rxe5 c6 14.d4 Bd6 15.Re1
Qh4 16.g3 Qh3 17.Be3 Bg4 18.Qd3 b4 19.c4 Nxe3 20.Rxe3 1/2-1/2

[Event "23rd EUR-ch"]
[Site "Vrnjacka Banja SRB"]
[Date "2023.03.07"]
[Round "5.125"]
[White "Gallana, Marco"]
[Black "Ben Ari, Yannay"]
[Result "1/2-1/2"]
[WhiteElo "2250"]
[BlackElo "2411"]
[EventDate "2023.03.03"]
[PlyCount "42"]

1.Nf3 Nf6 2.c4 c6 3.g3 d5 4.b3 Bf5 5.Bg2 e6 6.O-O Be7 7.Bb2 h6 8.d3 O-O 9.
Nbd2 Bh7 10.a3 a5 11.Bc3 b5 12.Qc2 Nbd7 13.cxb5 cxb5 14.b4 axb4 15.axb4 
Qb6 16.Nb3 Rfc8 17.Rxa8 Rxa8 18.Bd4 Qb7 19.Nc5 Rc8 20.Rc1 Qc7 21.Qb2 Qd8 
1/2-1/2

[Event "23rd EUR-ch"]
[Site "Vrnjacka Banja SRB"]
[Date "2023.03.07"]
[Round "5.126"]
[White "Ravic, Nenad"]
[Black "Agdelen, Huseyin Can"]
[Result "0-1"]
[WhiteElo "2238"]
[BlackElo "2411"]
[EventDate "2023.03.03"]
[PlyCount "75"]

1.e4 e5 2.Nf3 Nc6 3.Bc4 Bc5 4.c3 Nf6 5.d4 exd4 6.b4 Be7 7.e5 Ne4 8.b5 Na5 
9.Bd3 d5 10.cxd4 O-O 11.O-O Bf5 12.Ba3 Nc4 13.Bxe7 Qxe7 14.Qc2 a6 15.Bxc4 
dxc4 16.Qxc4 axb5 17.Qxb5 c6 18.Qb3 Ra5 19.a4 Rfa8 20.Rc1 h6 21.Nbd2 Be6 
22.Qc2 Nxd2 23.Nxd2 Qb4 24.Rab1 Qxd4 25.Rxb7 Rxa4 26.Nf3 Qf4 27.Qd2 Qxd2 
28.Nxd2 Ra2 29.Nf3 Rc2 30.Rbb1 Rxc1+ 31.Rxc1 Bd5 32.Kf1 Ra4 33.Ke2 Re4+ 
34.Kd3 Rb4 35.Ne1 Re4 36.Nf3 Rf4 37.Ke3 Rf5 38.Kd4 0-1

[Event "23rd EUR-ch"]
[Site "Vrnjacka Banja SRB"]
[Date "2023.03.07"]
[Round "5.127"]
[White "Shatil, Shir"]
[Black "Kalogeris, Ioannis"]
[Result "0-1"]
[WhiteElo "2222"]
[BlackElo "2409"]
[EventDate "2023.03.03"]
[PlyCount "114"]

1.d4 Nf6 2.c4 e6 3.Nc3 Bb4 4.e3 O-O 5.Bd3 c5 6.Nf3 d6 7.O-O Bxc3 8.bxc3 
Nc6 9.e4 e5 10.d5 Ne7 11.Nh4 Ng6 12.Nf5 Nf4 13.Bc2 g6 14.Nh6+ Kg7 15.g3 
Nh3+ 16.Kh1 Qe7 17.f3 g5 18.Ng4 h5 19.Ne3 Rh8 20.Kg2 h4 21.Rh1 Rh7 22.Bd2 
Qc7 23.Rb1 a6 24.a3 Qa5 25.g4 Nf4+ 26.Kf2 Rh8 27.Rb3 Rb8 28.Qb1 b6 29.Rd1 
Bd7 30.Rb2 Rb7 31.Qa1 Rhb8 32.Rdb1 b5 33.Be1 Qc7 34.cxb5 axb5 35.c4 bxc4 
36.Nxc4 Bb5 37.Na5 Rb6 38.Bd2 Qa7 39.a4 c4 40.axb5 c3 41.Be3 cxb2 42.Rxb2 
Qc7 43.Nc6 Rxb5 44.Nxb8 Qc4 45.Bxf4 Qd4+ 46.Be3 Qxb2 47.Qxb2 Rxb2 48.Bxg5 
Rxc2+ 49.Kg1 h3 50.Nc6 Rg2+ 51.Kf1 Nh7 52.Be7 f6 53.Bxd6 Ng5 54.Nxe5 fxe5 
55.Bxe5+ Kf7 56.f4 Nf3 57.g5 Nxh2+ 0-1

[Event "23rd EUR-ch"]
[Site "Vrnjacka Banja SRB"]
[Date "2023.03.07"]
[Round "5.129"]
[White "Gajcin, Marina"]
[Black "Han, Yichen"]
[Result "1-0"]
[WhiteElo "2215"]
[BlackElo "2405"]
[EventDate "2023.03.03"]
[PlyCount "151"]

1.e4 c5 2.Nf3 Nc6 3.Bb5 e5 4.O-O Bd6 5.a4 Nf6 6.Re1 a6 7.Bxc6 dxc6 8.d3 
Nd7 9.Nbd2 Bc7 10.Nf1 Nf8 11.Be3 Ne6 12.c3 O-O 13.Ng3 b5 14.h3 Qe7 15.Nf5 
Qf6 16.g3 h6 17.Nh2 Kh7 18.Ng4 Qd8 19.Ngxh6 g6 20.Nh4 Nf4 21.Bxc5 Nxh3+ 
22.Kg2 Bd6 23.Bxd6 Qxd6 24.Ng4 Ng5 25.Rh1 Kg7 26.Nxe5 Bh3+ 27.Rxh3 Nxh3 
28.Nef3 Qd7 29.Qh1 Nxf2 30.Kxf2 Qxd3 31.Qd1 Qxe4 32.Ng5 Qc4 33.Nhf3 Rad8 
34.Qc2 b4 35.Qe4 Qc5+ 36.Qe3 Qxe3+ 37.Kxe3 Rfe8+ 38.Kf2 f6 39.Nh3 g5 40.g4
Re4 41.Nd4 Rh8 42.Nf5+ Kg6 43.Kg3 bxc3 44.bxc3 Rc4 45.Ra3 Rb8 46.Nf2 Rb1 
47.Ne3 Rf4 48.Ng2 Rc4 49.Ne3 Rc5 50.Nd3 Ra5 51.c4 Rb8 52.c5 Rd8 53.Nc4 
Rxd3+ 54.Rxd3 Rxc5 55.Nd6 Ra5 56.Rd4 Kg7 57.Rc4 Kf8 58.Nb7 Rd5 59.Rxc6 
Rd3+ 60.Kf2 Rd4 61.Rxf6+ Ke7 62.Rxa6 Rxg4 63.Nc5 Kd8 64.Rc6 Rh4 65.Kg3 Rh1
66.a5 Rg1+ 67.Kf2 Ra1 68.a6 Ra3 69.Kg2 g4 70.Rb6 Kc7 71.Rb4 Ra5 72.Ra4 
Rxa4 73.Nxa4 Kb8 74.Kg3 Ka7 75.Nc5 Kb6 76.Kxg4 1-0

[Event "23rd EUR-ch"]
[Site "Vrnjacka Banja SRB"]
[Date "2023.03.07"]
[Round "5.130"]
[White "Czerw, Dawid"]
[Black "Selbes, Tarik"]
[Result "1/2-1/2"]
[WhiteElo "2404"]
[BlackElo "2255"]
[EventDate "2023.03.03"]
[PlyCount "65"]

1.e4 e5 2.Nf3 Nc6 3.Bb5 a6 4.Ba4 Nf6 5.O-O Be7 6.Re1 b5 7.Bb3 O-O 8.a4 Rb8
9.axb5 axb5 10.c3 d6 11.h3 Be6 12.Bxe6 fxe6 13.d3 Nh5 14.g3 Qe8 15.Nbd2 
Qg6 16.Nf1 Rf7 17.N3h2 Nf4 18.Bxf4 exf4 19.Ra6 fxg3 20.fxg3 Ne5 21.d4 Bh4 
22.Kh1 Bxg3 23.Nxg3 Qxg3 24.Rg1 Qxh3 25.dxe5 Rf2 26.Rxg7+ Kh8 27.Qg1 Rxh2+
28.Qxh2 Qxh2+ 29.Kxh2 Kxg7 30.Ra7 dxe5 31.Rxc7+ Kg6 32.b4 Kg5 33.Kg3 
1/2-1/2

[Event "23rd EUR-ch"]
[Site "Vrnjacka Banja SRB"]
[Date "2023.03.07"]
[Round "5.131"]
[White "Angun, Batu"]
[Black "Pap, Misa"]
[Result "1-0"]
[WhiteElo "2206"]
[BlackElo "2403"]
[EventDate "2023.03.03"]
[PlyCount "101"]

1.d4 Nf6 2.c4 c5 3.d5 b5 4.cxb5 a6 5.bxa6 Bxa6 6.Nc3 d6 7.e4 Bxf1 8.Kxf1 
g6 9.g3 Bg7 10.Kg2 O-O 11.Nf3 Nbd7 12.h3 Ra6 13.Qc2 Qa8 14.Rb1 Re8 15.b3 
Nb6 16.Rd1 Nfd7 17.Bb2 Ne5 18.Nxe5 Bxe5 19.a4 c4 20.b4 Nxa4 21.Nxa4 Rxa4 
22.Bxe5 dxe5 23.Qc3 Qb7 24.b5 f6 25.b6 Ra6 26.Qb4 c3 27.d6 c2 28.d7 Rd8 
29.Qc4+ Kg7 30.Qxc2 Rxb6 31.Rxb6 Qxb6 32.Qc8 h5 33.Ra1 h4 34.g4 Kh6 35.Ra8
Qb1 36.Ra4 Qb6 37.Rc4 Qb5 38.Kg1 Qa5 39.Rc1 Qb6 40.Rc7 Qb1+ 41.Kh2 Qxe4 
42.Qxd8 Qf4+ 43.Kg1 Qf3 44.Qf8+ Kg5 45.d8=Q Qxh3 46.Qd2+ Kxg4 47.Rc4+ Kf5 
48.Qd7+ e6 49.Qxe6+ Kxe6 50.Qc8+ Kd5 51.Qc6# 1-0

[Event "23rd EUR-ch"]
[Site "Vrnjacka Banja SRB"]
[Date "2023.03.07"]
[Round "5.132"]
[White "Pastar, Slaven"]
[Black "Todorovic, Bojan"]
[Result "1/2-1/2"]
[WhiteElo "2401"]
[BlackElo "2249"]
[EventDate "2023.03.03"]
[PlyCount "120"]

1.b3 Nf6 2.Bb2 g6 3.Nf3 Bg7 4.g3 O-O 5.Bg2 b6 6.c4 Bb7 7.d4 e6 8.O-O d5 9.
cxd5 exd5 10.Nc3 Nbd7 11.Rc1 Ne4 12.Rc2 Re8 13.Qb1 Nxc3 14.Bxc3 a5 15.Bb2 
a4 16.Bc1 Ba6 17.Re1 axb3 18.axb3 Bb5 19.Bg5 f6 20.Bf4 c6 21.h4 Bf8 22.Ra2
Bb4 23.Bd2 Rxa2 24.Qxa2 Bd6 25.e3 Qa8 26.Qc2 f5 27.Bc3 Qb7 28.h5 Nf6 29.
hxg6 hxg6 30.Ra1 Ne4 31.Be1 Ra8 32.Qc1 Rxa1 33.Qxa1 Qa6 34.Qxa6 Bxa6 35.
Bf1 Bxf1 36.Kxf1 Kf7 37.Ke2 g5 38.Kd3 g4 39.Ng1 Ke6 40.Ne2 Kd7 41.Kc2 Kc7 
42.b4 Kb7 43.Kb3 Ka6 44.Ka4 c5 45.bxc5 bxc5 46.Nc3 cxd4 47.exd4 Nxc3+ 48.
Bxc3 f4 49.gxf4 Bxf4 50.Be1 Kb6 51.Kb4 Kc6 52.Ka4 Bg5 53.Kb4 Be7+ 54.Ka4 
Bd6 55.Bd2 Bh2 56.Be1 Bf4 57.Kb4 Bc1 58.Bc3 Kb6 59.Ka4 Bh6 60.Ba5+ Kc6 
1/2-1/2

[Event "23rd EUR-ch"]
[Site "Vrnjacka Banja SRB"]
[Date "2023.03.07"]
[Round "5.133"]
[White "Pacher, Milan"]
[Black "Djokic, Mihailo"]
[Result "1-0"]
[WhiteElo "2392"]
[BlackElo "2227"]
[EventDate "2023.03.03"]
[PlyCount "78"]

1.d4 Nf6 2.c4 g6 3.Nc3 Bg7 4.e4 d6 5.h3 O-O 6.Be3 e5 7.d5 Nh5 8.g4 Nf4 9.
Nge2 f5 10.gxf5 Nxe2 11.Bxe2 gxf5 12.exf5 Bxf5 13.Bg4 Qf6 14.Qe2 Nd7 15.
O-O-O a6 16.Rdg1 Kh8 17.Bxf5 Qxf5 18.Qg4 Qf7 19.Ne4 Nf6 20.Ng5 Nxg4 21.
Nxf7+ Rxf7 22.hxg4 b5 23.g5 Kg8 24.Rg4 bxc4 25.Rxc4 c5 26.Rch4 Rb8 27.b3 
Rb5 28.Rxh7 c4 29.bxc4 Rb4 30.R7h4 Rfb7 31.Kd2 Ra4 32.Kd3 Rbb4 33.g6 Ra3+ 
34.Ke4 Rxc4+ 35.Kf5 Rc8 36.Ke6 Rf8 37.Kxd6 Rf6+ 38.Ke7 Rd3 39.Rc1 Rxd5 1-0

[Event "23rd EUR-ch"]
[Site "Vrnjacka Banja SRB"]
[Date "2023.03.07"]
[Round "5.134"]
[White "Kanov, Nikola"]
[Black "Pogorelsky, Sergei"]
[Result "0-1"]
[WhiteElo "2392"]
[BlackElo "2203"]
[EventDate "2023.03.03"]
[PlyCount "106"]

1.e4 c5 2.Nf3 d6 3.d4 cxd4 4.Nxd4 Nf6 5.Nc3 a6 6.Be3 e5 7.Nf3 Be7 8.Bc4 
O-O 9.O-O Be6 10.Qe2 b5 11.Bb3 Qc7 12.Bg5 Nbd7 13.Rfd1 Rfc8 14.Ne1 Bg4 15.
f3 Be6 16.Kh1 Bc4 17.Bxc4 Qxc4 18.Qxc4 Rxc4 19.a4 b4 20.Bxf6 Nxf6 21.Nd5 
Nxd5 22.Rxd5 g6 23.b3 Rc3 24.Rad1 Kg7 25.R1d3 Rc6 26.g3 f5 27.Rd2 Kf6 28.
Nd3 Rb8 29.Nb2 Ke6 30.Nc4 Rbc8 31.Kg2 Rxc4 32.bxc4 Rxc4 33.Ra5 Rc6 34.Re2 
Bd8 35.Rd5 Rc4 36.Rd1 Bb6 37.h4 h5 38.Kh3 Rc3 39.Rd3 Rc4 40.Kg2 Bd4 41.g4 
hxg4 42.fxg4 fxe4 43.Rh3 Kf6 44.h5 d5 45.Kf1 Kg5 46.hxg6 Kxg6 47.Rg2 e3 
48.g5 e4 49.Rh6+ Kg7 50.Re2 Bc5 51.Rc6 d4 52.g6 d3 53.Rxe3 dxc2 0-1

[Event "23rd EUR-ch"]
[Site "Vrnjacka Banja SRB"]
[Date "2023.03.07"]
[Round "5.135"]
[White "Arsovic, Zoran"]
[Black "Tudor, Henry Edward"]
[Result "1/2-1/2"]
[WhiteElo "2390"]
[BlackElo "2201"]
[EventDate "2023.03.03"]
[PlyCount "117"]

1.d4 Nf6 2.Nf3 e6 3.e3 b6 4.Bd3 Bb7 5.O-O c5 6.c4 cxd4 7.exd4 Be7 8.Nc3 d6
9.d5 exd5 10.cxd5 a6 11.Nd4 O-O 12.Nf5 b5 13.Bg5 Nbd7 14.Re1 Re8 15.Ne4 
Kf8 16.Bc2 Rc8 17.Nexd6 Bxd6 18.Rxe8+ Qxe8 19.Nxd6 Qe5 20.Nxc8 Qxg5 21.Nd6
Bxd5 22.f3 Qe5 23.Nf5 Qxb2 24.Bb3 Bxb3 25.axb3 g6 26.Nd6 Nc5 27.Rb1 Qe5 
28.Qd2 Qd5 29.Qh6+ Kg8 30.Nc8 Qd8 31.Qf4 Nd3 32.Qd6 Qxc8 33.Qxd3 Qc5+ 34.
Kh1 Nd5 35.Ra1 Ne3 36.Re1 Nf5 37.Qd2 h5 38.Re8+ Kh7 39.Rd8 Qc6 40.Qb2 Ng7 
41.b4 Qc4 42.Rd1 Qe6 43.Qc3 Nf5 44.Ra1 Qd6 45.Qb3 Kg7 46.Rd1 Qe5 47.Qa2 
Qe7 48.Qb2+ Kh7 49.Qc3 h4 50.Ra1 Qd6 51.Rc1 Qe6 52.Re1 Qd6 53.Re8 Ng7 54.
Re4 Nf5 55.Qa1 h3 56.Qe1 Qd5 57.Kg1 hxg2 58.Kxg2 Qa2+ 59.Qf2 1/2-1/2

[Event "23rd EUR-ch"]
[Site "Vrnjacka Banja SRB"]
[Date "2023.03.07"]
[Round "5.136"]
[White "Sahin, Ozgun"]
[Black "Antic, Dejan"]
[Result "1/2-1/2"]
[WhiteElo "2177"]
[BlackElo "2388"]
[EventDate "2023.03.03"]
[PlyCount "70"]

1.e4 e6 2.d4 d5 3.Nc3 Nf6 4.e5 Nfd7 5.f4 c5 6.Nf3 Nc6 7.Ne2 Be7 8.g3 O-O 
9.Bh3 b5 10.O-O b4 11.Be3 a5 12.c3 Rb8 13.f5 exf5 14.Bxf5 bxc3 15.bxc3 
cxd4 16.Nexd4 Ndxe5 17.Nxe5 Nxe5 18.Bxh7+ Kxh7 19.Qh5+ Kg8 20.Qxe5 Bd6 21.
Qh5 Rb2 22.Bg5 Be7 23.Bxe7 Qxe7 24.Rae1 Qc7 25.Nf3 Ba6 26.Ng5 Qb6+ 27.Kh1 
Qg6 28.Qxg6 fxg6 29.Rxf8+ Kxf8 30.Re6 Bb5 31.Nh7+ Kg8 32.Ng5 Rxa2 33.Rb6 
Be8 34.Re6 Ba4 35.Ra6 Kf8 1/2-1/2

[Event "23rd EUR-ch"]
[Site "Vrnjacka Banja SRB"]
[Date "2023.03.07"]
[Round "5.137"]
[White "Efremov, Vladislav"]
[Black "Vetokhin, Savva"]
[Result "1/2-1/2"]
[WhiteElo "2120"]
[BlackElo "2388"]
[EventDate "2023.03.03"]
[PlyCount "40"]

1.d4 Nf6 2.c4 b6 3.Nc3 Bb7 4.Qc2 d5 5.cxd5 Nxd5 6.Nf3 e6 7.e4 Nxc3 8.bxc3 
Be7 9.Bb5+ c6 10.Bd3 Nd7 11.O-O c5 12.Bf4 cxd4 13.cxd4 O-O 14.a4 Rc8 15.
Qe2 Nf6 16.Bd2 Bc6 17.Rfc1 Ba8 18.Rcb1 Bc6 19.Rc1 Bb7 20.Rcb1 Bc6 1/2-1/2

[Event "23rd EUR-ch"]
[Site "Vrnjacka Banja SRB"]
[Date "2023.03.07"]
[Round "5.138"]
[White "Zlatkov, Anton"]
[Black "Patrelakis, Evaggelos"]
[Result "0-1"]
[WhiteElo "2174"]
[BlackElo "2387"]
[EventDate "2023.03.03"]
[PlyCount "74"]

1.e4 c5 2.Nf3 d6 3.d4 cxd4 4.Nxd4 Nf6 5.Nc3 a6 6.Bd3 g6 7.f3 Bg7 8.Be3 
Nbd7 9.Qd2 b5 10.a4 bxa4 11.Rxa4 Nc5 12.Ra3 Nxd3+ 13.cxd3 O-O 14.Nb3 Qc7 
15.d4 Bd7 16.O-O Rfb8 17.Rc1 Qd8 18.Na5 Ne8 19.Nd5 e6 20.Nb4 Qb6 21.Nac6 
Bxc6 22.Nxc6 Rb7 23.Rc2 d5 24.e5 Bf8 25.Ra1 Rc7 26.Rac1 Rac8 27.Qc3 a5 28.
h4 Bb4 29.Qxb4 axb4 30.Ne7+ Rxe7 31.Rxc8 h6 32.Ra8 Kg7 33.Rcc8 Qb5 34.Rab8
Qe2 35.Bf2 Qxb2 36.Be1 Qxd4+ 37.Kh1 Qd1 0-1

[Event "23rd EUR-ch"]
[Site "Vrnjacka Banja SRB"]
[Date "2023.03.07"]
[Round "5.139"]
[White "Oliinyk, Serafim"]
[Black "Garrido Outon, Alex"]
[Result "0-1"]
[WhiteElo "2042"]
[BlackElo "2380"]
[EventDate "2023.03.03"]
[PlyCount "60"]

1.e4 c5 2.Nf3 d6 3.d4 cxd4 4.Nxd4 Nf6 5.Nc3 a6 6.Nb3 e6 7.g4 b5 8.a3 Bb7 
9.Bg2 Nc6 10.g5 Nd7 11.Qe2 Be7 12.f4 Nb6 13.Be3 Nc4 14.O-O-O Nxe3 15.Qxe3 
Rc8 16.h4 Na5 17.Nxa5 Qxa5 18.Qd4 O-O 19.Bf1 d5 20.exd5 b4 21.axb4 Bxb4 
22.Nb1 Bxd5 23.Rh3 Bc5 24.Qd2 Qa1 25.Bd3 Ba2 26.c3 Ba3 27.bxa3 Rb8 28.Qc2 
Bxb1 29.Qxb1 Rxb1+ 30.Bxb1 Rb8 0-1

[Event "23rd EUR-ch"]
[Site "Vrnjacka Banja SRB"]
[Date "2023.03.07"]
[Round "5.140"]
[White "Arsovic, Goran"]
[Black "Maksimovic, Branimir"]
[Result "1/2-1/2"]
[WhiteElo "2379"]
[BlackElo "2128"]
[EventDate "2023.03.03"]
[PlyCount "36"]

1.d4 d5 2.Nf3 Nf6 3.c4 e6 4.Nc3 c5 5.cxd5 Nxd5 6.e4 Nxc3 7.bxc3 cxd4 8.
cxd4 Bb4+ 9.Bd2 Bxd2+ 10.Qxd2 O-O 11.Bb5 a6 12.Bd3 Nc6 13.Qc3 Qd6 14.O-O 
Rd8 15.Rad1 Bd7 16.Bb1 Rac8 17.Qd2 h6 18.Rfe1 Ne7 1/2-1/2

[Event "23rd EUR-ch"]
[Site "Vrnjacka Banja SRB"]
[Date "2023.03.07"]
[Round "5.141"]
[White "Cox, Tristan"]
[Black "Aizenberg, Benny"]
[Result "1-0"]
[WhiteElo "1975"]
[BlackElo "2367"]
[EventDate "2023.03.03"]
[PlyCount "71"]

1.d4 Nf6 2.c4 e6 3.Nf3 d5 4.g3 Be7 5.Bg2 O-O 6.O-O Nbd7 7.Qc2 a5 8.Nbd2 c5
9.b3 b6 10.Bb2 Bb7 11.Rac1 Rc8 12.Qb1 dxc4 13.Nxc4 b5 14.Nce5 Nxe5 15.dxe5
Nd5 16.Rfd1 Qb6 17.h4 Rfd8 18.Ng5 Bxg5 19.hxg5 c4 20.Bd4 Qa6 21.Be4 g6 22.
bxc4 bxc4 23.a3 Ba8 24.Bxd5 Rxd5 25.e4 Rb5 26.Qc2 Rb3 27.Bc3 Rxa3 28.Rd6 
Qb7 29.f3 Kg7 30.Qd2 Rb3 31.Kg2 a4 32.Rd7 Qc6 33.Rd1 a3 34.Qf4 Rf8 35.Qf6+
Kg8 36.Rxf7 1-0

[Event "23rd EUR-ch"]
[Site "Vrnjacka Banja SRB"]
[Date "2023.03.07"]
[Round "5.142"]
[White "Hnydiuk, Aleksander"]
[Black "Pogorelsky, Sofia"]
[Result "1-0"]
[WhiteElo "2364"]
[BlackElo "2102"]
[EventDate "2023.03.03"]
[PlyCount "74"]

1.Nf3 d5 2.d4 Nf6 3.c4 e6 4.g3 dxc4 5.Bg2 a6 6.O-O Nc6 7.Qc2 Nxd4 8.Nxd4 
Qxd4 9.Nd2 c3 10.bxc3 Qc5 11.Rb1 Rb8 12.Ne4 Nxe4 13.Bxe4 Bd6 14.Be3 Qh5 
15.Bc6+ Bd7 16.Bxd7+ Kxd7 17.Ba7 Ra8 18.Rxb7 Rhd8 19.Qa4+ Ke7 20.Qxa6 Qe5 
21.Qc4 Qa5 22.Bb6 Qxa2 23.Qxa2 Rxa2 24.Bxc7 Bxc7 25.Rxc7+ Rd7 26.Rxd7+ 
Kxd7 27.Rd1+ Ke7 28.Kf1 Rc2 29.Rd3 h5 30.h4 Rc1+ 31.Kg2 g6 32.Kf3 Rc2 33.
Re3 Rd2 34.Re4 Rc2 35.Rc4 Rd2 36.Rc7+ Kf6 37.Ke3 Rb2 1-0

[Event "23rd EUR-ch"]
[Site "Vrnjacka Banja SRB"]
[Date "2023.03.07"]
[Round "5.143"]
[White "Orian, Noga"]
[Black "Carbonell Sancho, Marc"]
[Result "0-1"]
[WhiteElo "1957"]
[BlackElo "2364"]
[EventDate "2023.03.03"]
[PlyCount "96"]

1.d4 d6 2.Nf3 Nf6 3.Nbd2 g6 4.e4 Bg7 5.Bd3 O-O 6.O-O Nc6 7.c3 e5 8.Re1 h6 
9.a4 a5 10.h3 Nh5 11.dxe5 dxe5 12.Nc4 Be6 13.Be3 Qf6 14.Qc1 g5 15.Nh2 Qg6 
16.Bf1 Rfd8 17.Qc2 Nf4 18.Rad1 b6 19.Na3 f6 20.Bc4 Bxc4 21.Nxc4 Qf7 22.b3 
Bf8 23.Rxd8 Nxd8 24.Rd1 Nde6 25.Nb2 Bc5 26.Ng4 Kg7 27.Nd3 Nxd3 28.Rxd3 h5 
29.Nh2 Bxe3 30.Rxe3 Nc5 31.c4 Rd8 32.Nf3 Qd7 33.Qb2 Qd1+ 34.Kh2 Nd3 35.Qe2
Qxe2 36.Rxe2 Nc5 37.Re3 Rd1 38.h4 g4 39.Ne1 Rb1 40.Nc2 Rb2 41.Na3 c6 42.
Kg3 Ra2 43.Nb1 Ra1 44.Nc3 Nxb3 45.Rd3 Nc5 46.Re3 Nxa4 47.Nxa4 Rxa4 48.Rb3 
Rb4 0-1

[Event "23rd EUR-ch"]
[Site "Vrnjacka Banja SRB"]
[Date "2023.03.07"]
[Round "5.144"]
[White "Kochavi, Dana"]
[Black "Costa, Leonardo"]
[Result "0-1"]
[WhiteElo "1929"]
[BlackElo "2364"]
[EventDate "2023.03.03"]
[PlyCount "50"]

1.e4 e5 2.Nf3 Nc6 3.Bb5 a6 4.Ba4 d6 5.c3 Bd7 6.O-O g6 7.d4 Bg7 8.Re1 b5 9.
Bb3 Nf6 10.dxe5 Nxe5 11.Nxe5 dxe5 12.Be3 Qe7 13.c4 Ng4 14.Nc3 c6 15.cxb5 
axb5 16.a4 bxa4 17.Nxa4 Nxe3 18.Rxe3 O-O 19.Rd3 Rfd8 20.Rc1 Be8 21.Rcc3 
Rd4 22.Nc5 Ra5 23.Na4 Rxe4 24.Re3 Rb4 25.Rc4 Raxa4 0-1

[Event "23rd EUR-ch"]
[Site "Vrnjacka Banja SRB"]
[Date "2023.03.07"]
[Round "5.145"]
[White "Roebers, Eline"]
[Black "Stanojevic, Ilija"]
[Result "1-0"]
[WhiteElo "2362"]
[BlackElo "2096"]
[EventDate "2023.03.03"]
[PlyCount "117"]

1.c4 e5 2.e3 Nf6 3.a3 Nc6 4.b4 d5 5.cxd5 Nxd5 6.Bb2 a6 7.Qc2 Be7 8.Nf3 Qd6
9.d3 f5 10.Nbd2 Bf6 11.Be2 O-O 12.O-O Kh8 13.Rfe1 Qe7 14.Bf1 e4 15.Nd4 
Nxd4 16.Bxd4 Bxd4 17.exd4 e3 18.fxe3 Nxe3 19.Qc1 f4 20.Nc4 Re8 21.Nxe3 
fxe3 22.Ra2 Bg4 23.Be2 Be6 24.Rc2 Bd5 25.Rxc7 Qg5 26.Bf1 Rf8 27.Rc2 Rae8 
28.g3 Qf6 29.Qb2 Rc8 30.Rce2 Rce8 31.Bg2 Bf3 32.Rxe3 Rxe3 33.Rxe3 Bxg2 34.
Qxg2 Rc8 35.Qf2 Qd6 36.Qf4 Rc1+ 37.Kf2 Rc2+ 38.Re2 Rxe2+ 39.Kxe2 Qe6+ 40.
Kf3 h6 41.Qe4 Qh3 42.d5 Qf1+ 43.Kg4 Qf6 44.Qe8+ Kh7 45.Qe6 Qa1 46.Qe4+ g6 
47.d6 Qd1+ 48.Kf4 Kg7 49.Qxb7+ Kg8 50.Qc8+ Kg7 51.Qd7+ Kg8 52.Qe8+ Kg7 53.
Qe7+ Kg8 54.d7 g5+ 55.Ke5 Qe2+ 56.Kd6 Qxd3+ 57.Kc7 Qc4+ 58.Kb8 Qb5+ 59.Ka7
1-0

[Event "23rd EUR-ch"]
[Site "Vrnjacka Banja SRB"]
[Date "2023.03.07"]
[Round "5.146"]
[White "Szwed, Jacek"]
[Black "Vujcic, Milena"]
[Result "1-0"]
[WhiteElo "2361"]
[BlackElo "2072"]
[EventDate "2023.03.03"]
[PlyCount "53"]

1.e4 e5 2.Nf3 Nc6 3.d4 exd4 4.Nxd4 Nf6 5.Nxc6 bxc6 6.Bd3 d5 7.exd5 cxd5 8.
O-O Be7 9.c4 d4 10.Nd2 O-O 11.Ne4 Bb7 12.Nxf6+ Bxf6 13.b4 a5 14.bxa5 Rxa5 
15.Bd2 Ra8 16.a4 Qd6 17.Rb1 Qc6 18.Qg4 Rxa4 19.Rxb7 Qxb7 20.Qf5 g6 21.Qxf6
Ra6 22.Qxd4 Rd6 23.Qc3 Rfd8 24.Bh6 f6 25.Be2 Qe4 26.c5 Rd4 27.Be3 1-0

[Event "23rd EUR-ch"]
[Site "Vrnjacka Banja SRB"]
[Date "2023.03.07"]
[Round "5.147"]
[White "Novkovic, Milan"]
[Black "Bjelanovic, Mile"]
[Result "1/2-1/2"]
[WhiteElo "2356"]
[BlackElo "2017"]
[EventDate "2023.03.03"]
[PlyCount "87"]

1.d4 Nf6 2.c4 d6 3.Nc3 Nbd7 4.e4 e5 5.Nf3 Be7 6.Be2 O-O 7.O-O Re8 8.Be3 
Bf8 9.d5 a5 10.Nd2 Nc5 11.b3 g6 12.a3 b6 13.b4 Ncd7 14.Nb3 h5 15.f3 Kh7 
16.Qd2 Ng8 17.bxa5 bxa5 18.a4 Bh6 19.Bxh6 Nxh6 20.Nb5 Nc5 21.Nxa5 Bd7 22.
Qb4 Na6 23.Qc3 Nc5 24.Nb3 Nxa4 25.Qb4 Bxb5 26.cxb5 Nb6 27.Ra6 Qg5 28.Qc3 
Rac8 29.Ra7 Re7 30.Qd2 Qh4 31.g3 Qf6 32.Na5 Rd7 33.Rf2 Ra8 34.Ra6 Rf8 35.
Nc4 Nxc4 36.Bxc4 Qe7 37.Bd3 f5 38.exf5 Nxf5 39.Bxf5 Rxf5 40.Qd3 Qf7 41.Qe4
Qe8 42.Kg2 Rdf7 43.Rc6 R5f6 44.Qc4 1/2-1/2

[Event "23rd EUR-ch"]
[Site "Vrnjacka Banja SRB"]
[Date "2023.03.07"]
[Round "5.148"]
[White "Filip, Lucian-Ioan"]
[Black "Cuzovic, Ognjen"]
[Result "1-0"]
[WhiteElo "2349"]
[BlackElo "2009"]
[EventDate "2023.03.03"]
[PlyCount "173"]

1.d4 d5 2.Nf3 Nf6 3.c4 e6 4.g3 Be7 5.Bg2 O-O 6.Nc3 b6 7.cxd5 exd5 8.O-O 
Bb7 9.Bf4 Nbd7 10.Rc1 c5 11.dxc5 bxc5 12.Qb3 Qb6 13.Ne5 Nxe5 14.Bxe5 Qxb3 
15.axb3 Ne4 16.Rfd1 Rfd8 17.Bc7 Nxc3 18.bxc3 Rd7 19.Bf4 Bf6 20.Bh3 Re7 21.
Be3 Rc7 22.Bf4 Re7 23.Be3 Rc7 24.Bg2 Rd8 25.Rd2 h6 26.Ra2 a6 27.Ra5 d4 28.
cxd4 Bxd4 29.Bxd4 Rxd4 30.Bxb7 Rxb7 31.Rxa6 Rd2 32.e3 Rxb3 33.Rxc5 Rbb2 
34.Rf5 Ra2 35.Rxa2 Rxa2 36.g4 g6 37.Rd5 Ra4 38.h3 Kg7 39.Kg2 Ra2 40.h4 Ra3
41.Re5 Ra4 42.f4 Ra2+ 43.Kf3 Ra1 44.h5 gxh5 45.Rxh5 Rf1+ 46.Ke4 Kg6 47.Ra5
Rg1 48.Ra6+ f6 49.Kf3 Rf1+ 50.Kg2 Rb1 51.Kf2 Rb2+ 52.Kf3 Rb1 53.Ra8 Rf1+ 
54.Ke4 Rg1 55.Rg8+ Kf7 56.Rb8 Kg6 57.f5+ Kf7 58.Rb7+ Kf8 59.Rb6 Kf7 60.
Rb7+ Kg8 61.Kf3 Rf1+ 62.Kg2 Re1 63.Kf2 Rh1 64.Rb8+ Kg7 65.Rb7+ Kg8 66.Kg2 
Re1 67.Rb3 Kf7 68.Ra3 Kg7 69.Ra7+ Kg8 70.Re7 Kf8 71.Re6 Kf7 72.e4 Ra1 73.
e5 fxe5 74.Rxh6 Ra3 75.Re6 Ra2+ 76.Kg3 Re2 77.Kf3 Re1 78.Kf2 Re4 79.Kf3 
Re1 80.g5 Kf8 81.Kg4 Kf7 82.g6+ Kg7 83.Re7+ Kf8 84.f6 Rg1+ 85.Kf5 e4 86.
g7+ Kg8 87.Re8+ 1-0